Piłkarze FC Torino - nagła śmierć - Statystyki

Ogólne statystyki
  • Ten quiz został rozwiązany 85 razy
  • Średni wynik to 7 z 14
Answers on the Grid
Answers color-coded by a green-red scale on the quiz's grid according to % correct below.
Alessandro Buongiorno
Andrés Iniesta
Ciro Immobile
Franck Ribéry
Alessandro Del Piero
Joe Hart
Michael Ballack
Fabio Quagliarella
Bremer
Fernando Torres
Jakub Błaszczykowski
Duván Zapata
Andrea Pirlo
Kamil Kosowski
Vanja Milinković-Savić
Sergej Milinković-Savić
Michael Owen
Andrea Belotti
Ricardo Rodríguez
Federico Chiesa
Simone Zaza
Zinédine Zidane
Dennis Praet
Kamil Glik
Cody Gakpo
Davide Zappacosta
Marco Materazzi
Christian Vieri
 
Statystyki odpowiedzi
Odpowiedź % Poprawnych
Alessandro Buongiorno
74%
Ciro Immobile
65%
Vanja Milinković-Savić
61%
Duván Zapata
60%
Andrea Belotti
54%
Kamil Glik
54%
Davide Zappacosta
53%
Simone Zaza
51%
Bremer
50%
Fabio Quagliarella
50%
Joe Hart
44%
Ricardo Rodríguez
38%
Christian Vieri
29%
Dennis Praet
28%
Nie znaleziono quizów pasujących do podanych kryteriów
Rozkład punktacji
Procent ludzi z każdym wynikiem
Percentyl według liczby udzielonych odpowiedzi
Twoja historia wyników
Nie rozwiązałeś tego quizu